Full Names - South America - Statistics

General Stats
  • This quiz has been taken 22 times
  • The average score is 5 of 12
Answer Stats
Hint Answer % Correct
Argentine... Republic
69%
...of Venezuela Bolivarian Republic
56%
...of Chile Republic
56%
...of French Guiana Territorial Collectivity
56%
...of Paraguay Republic
50%
...of Peru Republic
50%
...of Brazil Federative Republic
44%
...of Ecuador Republic
38%
...of Uruguay Oriental Republic
31%
...of Suriname Republic
31%
...of Guyana Co-operative Republic
25%
...of Bolivia Plurinational State
25%
No matching quizzes found
Score Distribution
Percent of People with Each Score
Percentile by Number Answered
Your Score History
You have not taken this quiz